Normal view
MARC view
- الخراطة
Entry Topical Term
001 - CONTROL NUMBER
- control field: 51386
003 - CONTROL NUMBER IDENTIFIER
- control field: JO-AjAnu
005 - DATE AND TIME OF LATEST TRANSACTION
- control field: 20230606082444.0
008 - FIXED-LENGTH DATA ELEMENTS
- fixed length control field: 230606|| aca||aabn | a|a d
040 ## - CATALOGING SOURCE
- Original cataloging agency: JO-AjAnu
- Transcribing agency: JO-AjAnu
150 ## - HEADING--TOPICAL TERM
- Topical term or geographic name entry element: الخراطة
670 ## - SOURCE DATA FOUND
- Source citation: Work cat.: (JO-AjAnu)26261: حلمى، احمد زكي , author 51385, تكنولوجيا الخراطة نظرى وعملي (للمراحل المتقدمة)